Qualitative research and evaluation methods

The book that has been a resource and training tool for countless applied researchers, evaluators, and graduate students has been completely revised with hundreds of new examples and stories illuminating all aspects of qualitative inquiry. Patton has created the most comprehensive, systematic, and u...

詳細記述

保存先:
書誌詳細
第一著者: Patton, Michael Quinn
フォーマット: 図書
言語:Undetermined
出版事項: Thousand Oaks, Calif. Sage Publications 2002
主題:
タグ: タグ追加
タグなし, このレコードへの初めてのタグを付けませんか!
Thư viện lưu trữ: Trung tâm Học liệu Trường Đại học Cần Thơ
LEADER 00969nam a2200217Ia 4500
001 CTU_153183
008 210402s9999 xx 000 0 und d
020 |c 88 
082 |a 300.7 
082 |b P322 
100 |a Patton, Michael Quinn 
245 0 |a Qualitative research and evaluation methods 
245 0 |c Michael Quinn Patton 
260 |a Thousand Oaks, Calif. 
260 |b Sage Publications 
260 |c 2002 
520 |a The book that has been a resource and training tool for countless applied researchers, evaluators, and graduate students has been completely revised with hundreds of new examples and stories illuminating all aspects of qualitative inquiry. Patton has created the most comprehensive, systematic, and up-to-date review of qualitative methods available. 
650 |a Social sciences,Evaluation research (Social action programs) 
650 |x Methodology 
904 |i Giang 
980 |a Trung tâm Học liệu Trường Đại học Cần Thơ